000 00359nam a2200133Ia 4500
005 20260326235454.0
008 260326s9999||||xx |||||||||||||| ||und||
100 _aStevenson Smith, W.
245 4 _aThe Art and Architecture of Ancient Egypt /
_cW. Stevenson Smith
260 _bYale University Press
300 _a206 p.
650 _aANTIGUEDAD
942 _cBK
999 _c7868
_d7868